[Event "Baleares-chT"]
[Site "Ibiza"]
[Date "2012.05.10"]
[Round "1.1"]
[White "Asensio, Enrique"]
[Black "Arroyo Arellano, Antonio"]
[Result "1-0"]
[WhiteElo "2187"]
[BlackElo "2094"]
[PlyCount "63"]
[EventDate "2012.05.10"]
[EventType "team-swiss"]
[EventRounds "5"]
[EventCountry "ESP"]
[SourceTitle "EXT 2014"]
[Source "ChessBase"]
[SourceDate "2013.11.20"]
[SourceVersion "1"]
[SourceVersionDate "2013.11.20"]
[SourceQuality "1"]

1. d4 d5 2. c4 c6 3. Nf3 Nf6 4. Qc2 e6 5. g3 Bd6 6. Bg2 0-0 7. 0-0 Ne4 8. Nbd2 f5 9. Nxe4 fxe4 10. Nd2 h5 11. f3 h4 12. fxe4 Rxf1+ 13. Nxf1 e5 14. dxe5 Bxe5 15. exd5 Qf6 16. Qb3 Na6 17. Qf3 h3 18. Qxf6 gxf6 19. Bf3 Nb4 20. Bd2 Nc2 21. Rc1 Nd4 22. Bc3 c5 23. Kf2 Bd7 24. Nd2 Re8 25. Ne4 b6 26. e3 Nxf3 27. Kxf3 Kg7 28. Bxe5 Rxe5 29. Nf2 f5 30. Nxh3 b5 31. Nf4 b4 32. Nd3 1-0